Umělecké sbírky Krajské galerie výtvarného umění ve Zlíně v letech 2001-2007 : 11. prosince 2007 - 24. února 2008 : expozice - Dům umění ve Zlíně, prostory stálé expozice a grafického kabinetu galerie, 2. poschodí zlínského zámku /

Korporativní autor: Krajská galerie výtvarného umění (Zlín, Česko). Grafický kabinet
Další autoři: Ševeček, Ludvík, 1944-, Dům umění (Zlín, Česko)
Jazyk: Čeština
Vydáno: Ve Zlíně: Krajská galerie výtvarného umění, [2007]
Témata:
Externí odkaz: Digitalizovaný dokument
Fyzický popis: 87 s. : il. (převážně barev.), portréty ; 30 cm
Knihy
Uloženo v:
LEADER 02754nam a2200625 a 4500
001 nkc20071783171
003 CZ PrNK
005 20080313132406.0
007 ta
008 071213s2007 xr ac e c 000 0 cze
015 |a cnb001783171 
020 |a 978-80-85052-75-6  |q (brož.) 
035 |a (OCoLC)228601602 
040 |a BOA001  |b cze 
043 |a e-xr---  |b e-xr-zl  |2 czenas 
045 |a w-y0  |a y0y0 
072 7 |a 72/76  |x Výtvarné umění  |2 Konspekt  |9 21 
080 |a 72/76:069.5  |2 MRF 
080 |a 72/76(437.3)  |2 MRF 
080 |a 72/76(437.6)  |2 MRF 
080 |a 7.036/.038  |2 MRF 
080 |a (437.3)  |2 MRF 
080 |a (437.6)  |2 MRF 
080 |a (437.323)  |2 MRF 
080 |a (083.824)  |2 MRF 
245 0 0 |a Umělecké sbírky Krajské galerie výtvarného umění ve Zlíně v letech 2001-2007 :  |b 11. prosince 2007 - 24. února 2008 : expozice - Dům umění ve Zlíně, prostory stálé expozice a grafického kabinetu galerie, 2. poschodí zlínského zámku /  |c [úvodní texty v katalogu Ludvík Ševeček ... et al.] 
260 |a Ve Zlíně:  |b Krajská galerie výtvarného umění,  |c [2007] 
300 |a 87 s. :  |b il. (převážně barev.), portréty ;  |c 30 cm 
504 |a Obsahuje bibliografické odkazy 
610 2 7 |a Krajská galerie výtvarného umění (Zlín, Česko)  |7 kn20020418011  |2 czenas 
648 7 |a 19.-21. století  |7 ch757016  |2 czenas 
648 4 |a 2001-2007 
650 0 7 |a umělecké sbírky  |7 ph135222  |z Česko  |y 2001-2007  |2 czenas 
650 0 7 |a české výtvarné umění  |7 ph116865  |y 19.-21. století  |2 czenas 
650 0 7 |a slovenské výtvarné umění  |7 ph125680  |y 19.-21. století  |2 czenas 
650 0 7 |a moderní umění  |7 ph115340  |z Česko  |2 czenas 
650 0 7 |a moderní umění  |7 ph115340  |z Slovensko  |2 czenas 
650 0 9 |a art collections  |z Czechia  |y 2001-2007  |2 eczenas 
650 0 9 |a Czech art  |y 19th-21st centuries  |2 eczenas 
650 0 9 |a Slovak art  |y 19th-21st centuries  |2 eczenas 
650 0 9 |a modern art  |z Czechia  |2 eczenas 
650 0 9 |a modern art  |z Slovakia  |2 eczenas 
651 7 |a Zlín (Česko)  |7 ge128609  |2 czenas 
651 9 |a Zlín (Czechia)  |2 eczenas 
655 7 |a katalogy výstav  |7 fd132536  |2 czenas 
655 9 |a exhibition catalogs  |2 eczenas 
700 1 |a Ševeček, Ludvík,  |d 1944-  |7 ola2002146316  |4 wfw 
710 2 |a Krajská galerie výtvarného umění (Zlín, Česko).  |b Grafický kabinet  |7 kn20050216005 
710 2 |a Dům umění (Zlín, Česko)  |7 kn20031219012 
856 4 1 |u http://www.digitalniknihovna.cz/mzk/uuid/uuid:4b5b7c90-9208-11e7-a9a4-005056827e51  |y Digitalizovaný dokument  |x NDK 
910 2 |a BOA001  |b 4-1196.039 
990 |a BK 
995 |a 01 
991 |b 200801  |c NOV 
996 6 |b 2610327899  |c 4-1196.039  |l MZK  |r Sklad / do 1 hodiny  |n 1  |p p.v.  |w 000879553  |u 000010  |a 1  |e BOA001  |j MZK50  |s P